000 00939nam a2200289Ia 4500
001 dia_3588
003 CHAP
005 20251027144427.0
008 220117s2003 xx 000 0 und d
010 _a174074
020 _a968-02-0023-X
040 _cCHAP
082 _a637.1 V55 2003
100 _aVillegas de Gante, Abraham
_9119748
245 _aCalidad de leche cruda : manual de prácticas /
_c Abraham Villegas de Gante y Armando Santos Moreno
260 _aMéxico :
_b Universidad Autonoma Chapingo, Departamento de Ingeniería Agroindustrial,
_c2003
300 _a82 p.
504 _aBibliografía: p. 82
590 _aSF251 V55 2003
650 _aCalidad de la leche
_9145447
650 _aMilk quality
_9154970
700 _aSantos Moreno, Armando, coaut.
_9145985
901 _a637.1 V55 2003
902 _aM
905 _a5232272003 mx A 8223223322spa16
942 _cLIBRO
_2ddc
999 _c174074
_d174074